000 01043nam0a22002771 4500
001 rc\2373903
005 20250623054047.0
035 _a(NLR Aleph) 006601977
090 _a7257572
_c7257572
100 _a20110829d1976 |||y0rusy50 ca
101 0 _arus
102 _aRU
105 _aa z |||||
200 1 _aВопросы теории и эксплуатации топливной аппаратуры дизелей
_e[Сборник статей]
_fОтв. ред. П.В. Мордвинцев
210 _aПермь
_cБ. и.
_d1976
215 _a121 с.
_cил.
_d20
225 1 _aМ-во с. х. СССР. Перм. с.-х. ин-т им. акад. Д.Н. Прянишникова. Труды
_f(Кафедра энергетики)
_vТ. 124
320 _aБиблиогр. в конце статей
702 1 _aМордвинцев
_bП.В.
_4340
801 0 _aRU
_bNLR
_gpsbo
801 1 _aRU
_bELAR
_2rusmarc
852 _aNLR
_jП13/337
899 _aRuMoRGB
_jW 331/57
899 _aRuMoRGB
_jW 331/59
942 _cBOOK
980 _aNB